<?xml version="1.0" encoding="UTF-8"?><?xml-stylesheet type="text/xsl" href="static/style.xsl"?><OAI-PMH xmlns="http://www.openarchives.org/OAI/2.0/" xmlns:xsi="http://www.w3.org/2001/XMLSchema-instance" xsi:schemaLocation="http://www.openarchives.org/OAI/2.0/ http://www.openarchives.org/OAI/2.0/OAI-PMH.xsd"><responseDate>2026-06-02T21:42:46Z</responseDate><request verb="GetRecord" identifier="oai:riuma.uma.es:10630/46341" metadataPrefix="marc">https://riuma.uma.es/rest/oai/request</request><GetRecord><record><header><identifier>oai:riuma.uma.es:10630/46341</identifier><datestamp>2026-04-10T23:47:21Z</datestamp><setSpec>com_10630_2254</setSpec><setSpec>col_10630_37953</setSpec></header><metadata><record xmlns="http://www.loc.gov/MARC21/slim" xmlns:dcterms="http://purl.org/dc/terms/" xmlns:doc="http://www.lyncode.com/xoai" xmlns:xsi="http://www.w3.org/2001/XMLSchema-instance" xsi:schemaLocation="http://www.loc.gov/MARC21/slim http://www.loc.gov/standards/marcxml/schema/MARC21slim.xsd">
   <leader>00925njm 22002777a 4500</leader>
   <datafield ind2=" " ind1=" " tag="042">
      <subfield code="a">dc</subfield>
   </datafield>
   <datafield ind2=" " ind1=" " tag="720">
      <subfield code="a">Pérez-Girón, José Carlos</subfield>
      <subfield code="e">author</subfield>
   </datafield>
   <datafield ind2=" " ind1=" " tag="720">
      <subfield code="a">Navarro, Carlos Javier</subfield>
      <subfield code="e">author</subfield>
   </datafield>
   <datafield ind2=" " ind1=" " tag="720">
      <subfield code="a">Elghouat, Akram</subfield>
      <subfield code="e">author</subfield>
   </datafield>
   <datafield ind2=" " ind1=" " tag="720">
      <subfield code="a">Khaldi, Rohaifa</subfield>
      <subfield code="e">author</subfield>
   </datafield>
   <datafield ind2=" " ind1=" " tag="720">
      <subfield code="a">López-Pacheco, Domingo</subfield>
      <subfield code="e">author</subfield>
   </datafield>
   <datafield ind2=" " ind1=" " tag="720">
      <subfield code="a">Arenas-Castro, Salvador</subfield>
      <subfield code="e">author</subfield>
   </datafield>
   <datafield ind2=" " ind1=" " tag="720">
      <subfield code="a">Del Águila, Ana</subfield>
      <subfield code="e">author</subfield>
   </datafield>
   <datafield ind2=" " ind1=" " tag="720">
      <subfield code="a">Moreno-Llorca, Ricardo</subfield>
      <subfield code="e">author</subfield>
   </datafield>
   <datafield ind2=" " ind1=" " tag="720">
      <subfield code="a">Pistón, Nuria</subfield>
      <subfield code="e">author</subfield>
   </datafield>
   <datafield ind2=" " ind1=" " tag="720">
      <subfield code="a">Romero-Gómez, Luis Felipe</subfield>
      <subfield code="e">author</subfield>
   </datafield>
   <datafield ind2=" " ind1=" " tag="720">
      <subfield code="a">Vaz, Ana Sofía</subfield>
      <subfield code="e">author</subfield>
   </datafield>
   <datafield ind2=" " ind1=" " tag="720">
      <subfield code="a">Tabik, Siham</subfield>
      <subfield code="e">author</subfield>
   </datafield>
   <datafield ind2=" " ind1=" " tag="720">
      <subfield code="a">Martínez-López, Javier</subfield>
      <subfield code="e">author</subfield>
   </datafield>
   <datafield ind2=" " ind1=" " tag="720">
      <subfield code="a">Alcaraz-Segura, Domingo</subfield>
      <subfield code="e">author</subfield>
   </datafield>
   <datafield ind2=" " ind1=" " tag="260">
      <subfield code="c">2026-04-08</subfield>
   </datafield>
   <datafield ind2=" " ind1=" " tag="520">
      <subfield code="a">Understanding how environmental and social factors shape the distribution of Cultural Ecosystem Services (CES) is essential for balancing biodiversity conservation and human well-being in protected landscapes. In this study, we integrate crowdsourced social media data, deep learning image classification (AI), and ecological niche models (ENMs) to map and compare the supply and demand of CES in mountain protected areas (PAs) across different biogeographical regions in southern Europe. Using geotagged photographs classified into eight CES types, we assessed model performance, identified key environmental and social predictors, explored CES bundles, and evaluated the influence of protection categories on CES suitability. Our models performed well across most CES types, confirming that social media data, when combined with AI and ENMs, provide a reliable and scalable approach for mapping human-nature interactions. The analysis revealed that while no universal set of predictors explains CES supply, some variables, particularly nighttime lights, distance to landmarks, and accessibility, consistently influenced multiple CES types. In contrast, nature-related CES such as Fauna &amp; Flora and Nature &amp; Landscape were mainly shaped by ecological and scenic features. We found that CES are generally clustered into two dominant bundles: one associated with cultural and heritage values and another linked to nature-based experiences. PAs showed higher overall CES suitability than unprotected zones, with Biosphere Reserves exhibiting particularly balanced outcomes between conservation and human use. This study shows how combining social media data, AI, and ecological modelling can reveal spatial drivers of CES, supporting sustainable management and fair distribution of nature’s cultural benefits in mountain PAs.</subfield>
   </datafield>
   <datafield ind1="8" ind2=" " tag="024">
      <subfield code="a">José Carlos Pérez-Girón, Carlos Javier Navarro, Akram Elghouat, Rohaifa Khaldi, Domingo López-Pacheco, Salvador Arenas-Castro, Ana del Águila, Ricardo Moreno-Llorca, Nuria Pistón, Luis F. Romero, Ana Sofía Vaz, Siham Tabik, Javier Martínez-López, Domingo Alcaraz-Segura, What drives cultural ecosystem services in mountain protected areas? An AI-assisted answer using social media data, Ecosystem Services, Volume 79, 2026, 101848, ISSN 2212-0416, https://doi.org/10.1016/j.ecoser.2026.101848</subfield>
   </datafield>
   <datafield ind1="8" ind2=" " tag="024">
      <subfield code="a">https://hdl.handle.net/10630/46341</subfield>
   </datafield>
   <datafield ind1="8" ind2=" " tag="024">
      <subfield code="a">10.1016/j.ecoser.2026.101848</subfield>
   </datafield>
   <datafield tag="653" ind2=" " ind1=" ">
      <subfield code="a">Inteligencia artificial</subfield>
   </datafield>
   <datafield tag="653" ind2=" " ind1=" ">
      <subfield code="a">Ecosistemas - Gestión</subfield>
   </datafield>
   <datafield ind2="0" ind1="0" tag="245">
      <subfield code="a">What drives cultural ecosystem services in mountain protected areas? An AI-assisted answer using social media data</subfield>
   </datafield>
</record>
</metadata></record></GetRecord></OAI-PMH>